000 00475nam a2200169Ia 4500
008 240729s9999 xx 000 0 und d
022 _a2749-9049
245 0 _aOnline Media and Global Communication
260 _aGermany
260 _bDe Gruyter
650 _a Communication. Mass media
650 _a Philology. Linguistics
650 _aLanguage and Literature
856 _uhttps://doaj.org/toc/b2fa4525650a4bf793f5592c21f26580
942 _2ddc
942 _cDOAJEJ
999 _c74690
_d74690
945 _a1
_bMadushi Gamage
_c1
_dMadushi Gamage